Greatest of All Time Artists - Statistics

General Stats
  • This quiz has been taken 262 times
  • The average score is 34 of 125
Answer Stats
Position Answer % Correct
1 The Beatles
91%
7 Michael Jackson
83%
2 The Rolling Stones
78%
117 50 Cent
72%
14 Janet Jackson
70%
13 Elvis Presley
69%
125 Alan Jackson
68%
3 Elton John
68%
8 Taylor Swift
68%
87 Queen
64%
37 Beyonce
63%
5 Madonna
60%
22 Eminem
58%
59 P!nk
55%
40 Led Zeppelin
52%
86 Pink Floyd
52%
50 JAY-Z
50%
18 Rihanna
50%
108 George Michael
49%
17 Prince
48%
48 Bob Dylan
47%
11 Whitney Houston
47%
36 Adele
46%
89 Kanye West
46%
34 Aretha Franklin
43%
16 Drake
43%
33 Celine Dion
42%
56 Lady Gaga
41%
58 Britney Spears
39%
27 Eagles
39%
95 Guns N' Roses
39%
61 Katy Perry
39%
4 Mariah Carey
39%
29 The Beach Boys
39%
66 U2
39%
12 Paul McCartney
38%
9 Stevie Wonder
38%
30 Fleetwood Mac
37%
55 Justin Bieber
37%
99 James Taylor
36%
70 Aerosmith
34%
94 Chris Brown
34%
19 Billy Joel
33%
74 Justin Timberlake
32%
65 Marvin Gaye
32%
84 Ed Sheeran
31%
28 Bee Gees
30%
45 Bon Jovi
30%
47 Diana Ross
29%
46 Phil Collins
29%
38 Eric Clapton
28%
120 The Police
28%
26 The Supremes
28%
119 Genesis
27%
102 Paul Simon
26%
103 Backstreet Boys
25%
41 Bruno Mars
25%
23 Usher
25%
109 Cher
24%
20 Garth Brooks
23%
106 Andy Williams
22%
124 George Harrison
22%
43 Maroon 5
22%
62 Miley Cyrus
22%
82 Simon & Garfunkel
22%
32 The Temptations
22%
81 Journey
21%
39 Lionel Richie
21%
118 Ray Charles
21%
68 Van Halen
21%
15 Rod Stewart
20%
100 Creedence Clearwater Revival
19%
96 Def Leppard
19%
111 Shania Twain
19%
73 Carole King
17%
51 Donna Summer
17%
71 The Black Eyed Peas
17%
93 Bryan Adams
16%
10 Chicago
16%
116 Destiny's Child
16%
52 Nickelback
16%
31 Santana
16%
104 Lil Wayne
15%
101 Tom Petty And The Heartbreakers
15%
60 Alicia Keys
14%
6 Barbara Streisand
14%
76 Kenny Rogers
14%
25 Neil Diamond
14%
57 Foreigner
13%
98 Linkin Park
13%
75 The Monkees
13%
64 Earth, Wind & Fire
12%
85 Kelly Clarkson
12%
54 Carpenters
11%
35 Daryl Hall & John Oates
11%
72 Nelly
11%
110 TLC
11%
77 Heart
10%
42 John Denver
10%
53 Boyz II Men
9%
24 Bruce Springsteen & The E Street Band
9%
113 The 4 Seasons
9%
79 Barry Manilow
8%
91 Commodores
8%
80 R. Kelly
8%
69 Bob Seger
7%
105 Carrie Underwood
7%
122 Ludacris
7%
88 Mary J. Blige
7%
44 Olivia Newton-John
7%
78 Tim McGraw
7%
49 John Mellencamp
6%
67 Linda Ronstadt
6%
92 Paula Abdul
6%
107 Styx
6%
123 Gloria Estefan
5%
112 The Doobie Brothers
5%
63 The Jacksons
4%
21 Herb Alpert
3%
97 Huey Lewis & The News
3%
115 Kenny Chesney
3%
90 Three Dog Night
3%
83 Michael Bolton
2%
114 Peter, Paul & Mary
2%
121 Rascal Flatts
0%
No matching quizzes found
Score Distribution
Percent of People with Each Score
Percentile by Number Answered
Your Score History
You have not taken this quiz